Statistics for Famous Criminals, Killers & Assassins

Click here to take the quiz!

General Stats

  • This quiz has been taken 377 times
  • The average score is 10 of 32

Answer Stats

Answer% Correct
Ted Bundy
82%
Al Capone
81%
Charles Manson
70%
Lee Harvey Oswald
60%
Jack the Ripper
58%
Bonnie & Clyde
57%
John Wayne Gacy
57%
Bonnie Elizbeth Parker
54%
Pablo Escobar
50%
Richard Ramirez
49%
John Wilkes Booth
45%
John Dillinger
39%
Jack Ruby
31%
H. H. Holmes
27%
Joaquín "El Chapo" Guzmán
27%
Aileen Wuornos
25%
Albert Fish
20%
Baby Face Nelson
20%
Charles Luciano
20%
Gavrilo Princip
19%
Edmund Kemper
18%
James Earl Ray
17%
Gary Ridgway
16%
Machine Gun Kelly
16%
Benjamin Siegel
10%
Nathuram Godse
9%
Leon Czolgosz
8%
Samuel Little
8%
John George Haigh
6%
Pedro López
6%
Felix Yusupov
4%
Karl Denke
3%

Score Distribution

Percentile by Number Answered

Percent of People with Each Score

Your Score History

You have not taken this quiz